Sladkobol /
Román o knihách, přátelství, velké lásce a o tom, že ne všechny sny by se měly vyplnit.
Uloženo v:
| Hlavní autor: | |
|---|---|
| Další autoři: | |
| Médium: | Kniha |
| Jazyk: | Czech |
| Vydáno: |
Brno :
Host,
2026
|
| Vydání: | První vydání |
| Témata: | |
| Celkem bylo vypůjčeno: | 0x |
| Tagy: |
Žádné tagy |
| LEADER | 02371nam a2200397 i 4500 | ||
|---|---|---|---|
| 001 | 106148 | ||
| 003 | CZ PrNK | ||
| 005 | 20260415125434.0 | ||
| 007 | ta | ||
| 008 | 260324s2026 xr g 000 f cze | ||
| 015 | |a cnb003741986 | ||
| 020 | |a 9788027527946 |q (vázáno) | ||
| 040 | |a ABG001 |b cze |e rda | ||
| 041 | 1 | |a cze |h eng | |
| 072 | 7 | |a 821.111-3 |x Anglická próza, anglicky psaná |2 Konspekt |9 25 | |
| 080 | |a 821.111-31 |2 MRF | ||
| 080 | |a (0:82-31) |2 MRF | ||
| 100 | 1 | |a Williams, Hattie |7 xx0343286 |4 aut |9 117272 | |
| 240 | 1 | 0 | |a Bitter sweet. |l Česky |
| 245 | 1 | 0 | |a Sladkobol / |c Hattie Williamsová ; přeložila Agáta Hamari |
| 250 | |a První vydání | ||
| 264 | 1 | |a Brno : |b Host, |c 2026 | |
| 300 | |a 379 stran ; |c 21 cm | ||
| 336 | |a text |b txt |2 rdacontent | ||
| 337 | |a bez média |b n |2 rdamedia | ||
| 338 | |a svazek |b nc |2 rdacarrier | ||
| 500 | |a Přeloženo z angličtiny | ||
| 520 | 2 | |a Román o knihách, přátelství, velké lásce a o tom, že ne všechny sny by se měly vyplnit. |b Charlie je třiadvacet, je single, bydlí s kamarády a začala pracovat jako asistentka v nezávislém londýnském nakladatelství. Richardovi je šestapadesát, je ženatý, má luxusní byt v Londýně i sídlo na venkově a jeho romány ovlivnily celou generaci. I pro Charlie znamená Richard mnoho -- kromě literárního vzoru také připomínku zesnulé matky, která jeho knihy milovala. Když se tihle dva poprvé setkají, přeskočí jiskra. A Charlie ohromeně sleduje, jak se z ní stává plamen -- žhavý, silný a všepohlcující. Od začátku chápe, že tenhle vztah nebude snadný a že mu bude muset hodně obětovat. Neustálé tajnosti, skrývání se, mlžení i před nejbližšími přáteli. Mezi ní a Richardem však panuje výjimečné pouto. Oni dva jsou přece něco víc než jen mladičká dívka ohromená aurou slavného muže a spisovatel poblázněný fanynkou plnou obdivu. Nebo ne? Nakladatelská anotace. Kráceno. | |
| 655 | 7 | |a anglické romány |7 fd131814 |2 czenas |9 53421 | |
| 655 | 9 | |a English fiction |2 eczenas | |
| 700 | 1 | |a Hamari, Agáta |7 xx0232633 |4 trl |9 110398 | |
| 710 | 2 | |a Host (vydavatelství) |7 ko2003163544 |4 pbl |9 117148 | |
| 910 | |a UOG502 | ||
| 942 | |2 ddc |c KN | ||
| 999 | |d 106148 | ||
| 993 | |0 0 |1 421180106873 |2 ddc |4 0 |7 0 |9 99462 |b 0 |c 106873 |d 2026-04-15 |e 0 |f DOSP |h 499.00 |i Koupě |l DOSP |r 2026-04-15 |t 6 |w 2026-04-15 |y KN |z BELET |n | ||